Measurement systems : application and design / (Record no. 8680)

MARC details
000 -LEADER
fixed length control field 00918nac a22002531u 4500
010 ## - LIBRARY OF CONGRESS CONTROL NUMBER
LC control number 2003044176
020 ## - INTERNATIONAL STANDARD BOOK NUMBER
International Standard Book Number 0070616728 :
082 00 - DEWEY DECIMAL CLASSIFICATION NUMBER
Classification number 681.2
Item number DOE
090 ## - LOCALLY ASSIGNED LC-TYPE CALL NUMBER (OCLC); LOCAL CALL NUMBER (OCLC)
-- 8680
-- 8680
100 ## - MAIN ENTRY--PERSONAL NAME
Personal name Doebelin, Ernest O.
245 10 - TITLE STATEMENT
Title Measurement systems : application and design /
Remainder of title application and design /
Statement of responsibility, etc Ernest O. Doebelin ; Dhanesh N. Manik
250 ## - EDITION STATEMENT
Edition statement 5th ed.
260 ## - PUBLICATION, DISTRIBUTION, ETC. (IMPRINT)
Place of publication, distribution, etc New Delhi :
Name of publisher, distributor, etc McGraw-Hill,2007
Date of publication, distribution, etc c2007.
300 ## - PHYSICAL DESCRIPTION
Extent xxvi, 700 p. :
Other physical details ill. ;
Dimensions 24 cm.
500 ## - GENERAL NOTE
General note special Indian Edition
500 ## - GENERAL NOTE
General note Distributer: Al-Ahram
504 ## - BIBLIOGRAPHY, ETC. NOTE
Bibliography, etc Includes bibliographical references and index.
511 ## - PARTICIPANT OR PERFORMER NOTE
Participant or performer note Catalogued by: Sara
650 #0 - SUBJECT ADDED ENTRY--TOPICAL TERM
Topical term or geographic name as entry element Measuring instruments.
650 #0 - SUBJECT ADDED ENTRY--TOPICAL TERM
Topical term or geographic name as entry element Physical measurements.
700 ## - ADDED ENTRY--PERSONAL NAME
Personal name Manik, Dhanesh N.
942 ## - ADDED ENTRY ELEMENTS (KOHA)
Item type Book - Borrowing
Call number prefix 681.2DOE
Holdings
Withdrawn status Item status Damaged status Not for loan Home library Current library Shelving location Date acquired Source of acquisition Total Checkouts Full call number Barcode Date last seen Date last borrowed Koha item type
        Central Library Central Library First floor 18/03/2008 Purchase 1 681.2DOE 000010626 15/07/2025 02/11/2011 Book - Borrowing